| 000 | 01255nam a2200301Ia 4500 | ||
|---|---|---|---|
| 001 | ebr10363640 | ||
| 003 | CaPaEBR | ||
| 006 | m u | ||
| 007 | cr cn||||||||| | ||
| 008 | 090831s2009 ne a sb 000 0 eng d | ||
| 020 | _z1607500051 | ||
| 020 | _z9781607500056 | ||
| 040 |
_aCaPaEBR _cCaPaEBR |
||
| 035 | _a(OCoLC)608624791 | ||
| 050 | 1 | 4 |
_aHT170 _b.V42 2009eb |
| 100 | 1 |
_aVeen, Menno van der, _d1979- |
|
| 245 | 1 | 0 |
_aContracting for better places _h[electronic resource] : _ba relational analysis of development agreements in urban development projects / _cMenno van der Veen. |
| 260 |
_aAmsterdam : _bIOS Press ; _aDelft : _bDelft University of Technology, _cc2009. |
||
| 300 |
_a376 p. : _bill. |
||
| 504 | _aIncludes bibliographical references (p. 333-350). | ||
| 533 |
_aElectronic reproduction. _bPalo Alto, Calif. : _cebrary, _d2010. _nAvailable via World Wide Web. _nAccess may be limited to ebrary affiliated libraries. |
||
| 546 | _aSummary in Dutch: p. 367-374. | ||
| 650 | 0 | _aCity planning. | |
| 650 | 0 | _aUrban renewal. | |
| 655 | 7 |
_aElectronic books. _2local |
|
| 710 | 2 | _aebrary, Inc. | |
| 856 | 4 | 0 |
_uhttp://site.ebrary.com/lib/rucke/Doc?id=10363640 _zAn electronic book accessible through the World Wide Web; click to view |
| 999 |
_c216427 _d216427 |
||